| 000 | 02312nam0a2200385 4500 | ||
|---|---|---|---|
| 001 | RU\NLR\bibl\1857618 | ||
| 005 | 20260406065805.0 | ||
| 010 |
_a978-5-392-04443-6 _91000 |
||
| 021 |
_aRU _b2011-101974 _97295 |
||
| 035 | _a(NLR Aleph) 001847538 | ||
| 090 |
_a2356799 _c2356799 |
||
| 100 | _a20120117d2012 |||y0rusy50 ca | ||
| 101 | 0 | _arus | |
| 102 | _aRU | ||
| 105 | _ay ||||||||| | ||
| 200 | 1 |
_aУголовное право России _iЧасть общая _eучебник _eдля студентов высших учебных заведений, обучающихся по направлению "Юриспруденция" и специальности "Юриспруденция" _f[д-ра юрид. наук, профессора, засл. деятели науки РФ Галиакбаров Р.Р., Козаченко И.Я., Кругликов Л.Л. и др.] _gотв. ред. д.ю.н., проф., засл. деятель науки Рос. Федерации Л.Л. Кругликов |
|
| 205 | _a3-е изд | ||
| 210 |
_aМосква _cПроспект _d2012 [т.е. 2011] |
||
| 215 |
_a563 с. _d21 |
||
| 300 | _aАвт. указаны на обороте тит. л. | ||
| 300 | _aКн. фактически изд. в 2011 г. | ||
| 320 | _aБиблиогр. в конце параграфов, в подстроч. примеч. и в тексте | ||
| 606 | 1 |
_aУголовное право _jУчебники для высших учебных заведений _xОбщая часть _yРоссийская Федерация _92078722 _3RU\NLR\auth\661254586 |
|
| 686 | _aХ628.11я73 | ||
| 701 | 1 |
_aГалиакбаров _bР. Р. _gРомэн Рахиммулович _4070 |
|
| 701 | 1 |
_4340 _7ca _8rus _aКозаченко _bИ. Я. _f1940- _gИван Яковлевич _9233362 _3RU\NLR\AUTH\770233418 |
|
| 701 | 1 |
_4070 _8rus _7ca _aКругликов _bЛ. Л. _f1940- _gЛев Леонидович _3RU\NLR\auth\7725953 _98998 |
|
| 702 | 1 |
_4340 _8rus _7ca _aКругликов _bЛ. Л. _f1940- _gЛев Леонидович _3RU\NLR\auth\7725953 _98998 |
|
| 801 | 0 |
_aRU _bNLR _c20120117 _gRCR |
|
| 801 | 1 |
_aRU _bNLR _c20120117 |
|
| 830 | _aлица по кн. | ||
| 942 | _cBOOK | ||
| 980 | _aNB | ||
| 980 | _aNBR | ||